[Event "Yingmei Cup CHN-chT 2017"]
[Site "Guangdong"]
[Date "2017.12.02"]
[Round "19"]
[White "Ju, Wenjun"]
[Black "Zhu, Jiner"]
[Result "1-0"]
[WhiteElo "2579"]
[BlackElo "2363"]
[Annotator "TA"]
[PlyCount "57"]
[EventDate "2017.??.??"]
[EventCountry "CHN"]
[SourceTitle "playchess.com"]
[Source "ChessBase"]
[SourceQuality "1"]

{[%evp 15,57,15,18,8,41,42,23,0,0,0,0,-20,3,0,0,0,10,0,0,-16,0,-8,129,120,137,129,143,138,156,172,158,131,234,233,231,231,333,238,233,247,264,259,29991,29992]} 1. d4 Nf6 2. c4 e6 3. g3 Bb4+ 4. Bd2 a5 5. Bg2 O-O 6. Nf3 d5 7. O-O b6 {E11: Bogo-Indian} (7... Nbd7 8. Qc2 c6 9. Bf4 Be7 10. Rd1 h6 11. cxd5 exd5 12. Nc3 Re8 13. Nb5 Rf8 14. Bc7 Qe8 15. Nd6 Bxd6 16. Bxd6 Qe4 17. Qxe4 dxe4 {1-0 (37) Postny,E (2634)-Stocek,J (2567) Teplice 2015}) 8. Qc2 Bb7 {LiveBook: 8 Games} 9. Ne5 (9. Bg5 {is more complex.} Be7 10. cxd5 exd5 11. Nc3 h6 12. Bf4) 9... Nbd7 {The position is equal.} (9... c5 {with more complications.} 10. dxc5 Bxc5 11. Nc3 Nbd7 12. Nd3 Rc8) 10. cxd5 $146 ({Predecessor:} 10. Bg5 Be7 11. Nc3 c5 12. cxd5 Nxe5 13. Bxf6 gxf6 14. dxe5 exd5 15. Rad1 {1-0 (24) Kiss,P (2401)-Titz,H (2326) Balatonlelle 2003}) 10... Nxe5 11. Bxb4 axb4 12. dxe5 Nxd5 13. Nd2 Ra5 14. Rfd1 {Hoping for e4.} Qc8 15. Qb3 Bc6 {And now ...Ba4 would win.} 16. Rdc1 Ba4 17. Qc4 Bb5 18. Qg4 f5 (18... c5 $11) 19. exf6 $1 $16 Nxf6 20. Qxb4 {Threatens to win with Nb3.} Bxe2 {[#]} 21. Nb3 $1 {[%cal Rb3a5]} Rh5 22. Nd4 $36 {[%mdl 2048] White is in control.} Bg4 23. f3 Bh3 (23... Nd5 $16 24. Qb3 Bh3) 24. Bxh3 $18 Rxh3 {[#]} 25. Rxc7 $1 {[%mdl 512]} Qe8 (25... Qxc7 {might work better.} 26. Qxf8+ Kxf8 27. Nxe6+ Kf7 28. Nxc7 h6) 26. Qe7 Qxe7 27. Rxe7 Rd8 28. Nxe6 Rd2 $2 (28... Re8 $18) 29. Rc1 {Precision: White = 62%, Black = 30%.} 1-0

[Event "Yingmei Cup CHN-chT 2017"]
[Site "Guangdong"]
[Date "2017.12.02"]
[Round "19"]
[White "Xu, Xiangyu"]
[Black "Yu, Ruiyuan"]
[Result "1-0"]
[WhiteElo "2549"]
[BlackElo "2502"]
[Annotator "TA"]
[PlyCount "99"]
[EventDate "2017.??.??"]
[EventCountry "CHN"]
[SourceTitle "playchess.com"]
[Source "ChessBase"]
[SourceQuality "1"]

{[%evp 24,99,15,18,130,54,67,33,20,0,0,0,0,0,0,0,0,0,0,0,0,0,0,0,2,0,0,0,6,6,18,0,6,0,0,0,0,0,0,0,1,5,10,10,12,11,32,25,29,19,18,0,27,0,7,0,2,0,6,0,0,-67,-67,-68,-70,-68,-63,-66,-64,-63,-63,-63,-66,-58,-63,-67,714,710]} 1. c4 c6 2. d4 d5 3. Nf3 Nf6 4. Nc3 dxc4 5. a4 e6 6. e4 Bb4 7. e5 Nd5 8. Bd2 b5 9. axb5 Bxc3 10. bxc3 cxb5 {D31: Queen's Gambit Declined: Semi-Slav without ...Nf6 (+ Marshall Gambit and Noteboom) and Exchange Variation lines without ...Nf6} 11. Ng5 {[%cal Bf3g5,Bg5e4,Be4d6][%mdl 32]} h6 12. Ne4 O-O 13. Nd6 {[#] LiveBook: 3 Games} b4 $146 (13... f6 $11 {remains equal.}) ({Predecessor:} 13... f6 14. Qg4 fxe5 15. dxe5 Nc6 16. Qg3 Qd7 17. Be2 Kh8 18. Nxb5 Nxe5 19. Qxe5 {1-0 (37) Wang,H (2713)-Barbosa,O (2501) Pattaya 2015}) 14. Bxc4 (14. Qg4 $16 Kh8 15. Qe4 (15. cxb4 c3 $11)) 14... bxc3 $14 15. Bc1 (15. Be3 $5) 15... Nc6 16. Ba3 Ncb4 17. O-O a5 18. Bxb4 Nxb4 19. Qf3 $1 {[%csl LRa8,LRc3]} Ba6 20. Qxc3 Qc7 21. Rfc1 Bxc4 22. Qxc4 Qxc4 23. Rxc4 ({Much worse is} 23. Nxc4 Rfc8 $17) 23... Rfb8 {With the idea ...a4.} 24. g3 Ra6 25. Ne4 Nd5 26. Rca4 Rba8 27. Nc5 R6a7 28. Nb3 {[%cal Ra4a5]} Nc3 29. Rc4 Nd5 {aiming for ...a4.} 30. Rca4 {[%cal Ra4a5]} Nc3 31. Rc4 Nd5 32. Ra3 Ra6 33. Kg2 Ne7 34. Rc7 Nc6 35. Nc5 Rb6 36. Na4 Rba6 37. Nc5 Rb6 38. Rf3 Nd8 39. Re7 Nc6 40. Rd7 ({Avoid the trap} 40. Rfxf7 $2 Nxe7 41. Rxe7 a4 $19) 40... Nd8 41. Rf4 Rb4 42. d5 (42. Re7 $11 Kf8 43. Rd7) 42... Rxf4 $15 43. gxf4 {[#] Threatens to win with d6.} exd5 {[%mdl 4096] Endgame KRN-KRN} 44. f5 Nc6 {And now ...a4 would win.} 45. e6 fxe6 46. fxe6 a4 {[#] Strongly threatening ...a3.} 47. Rd6 $1 Ne7 48. Rd7 Ng6 $1 49. e7 {Hoping for Rd8+.} Kf7 $2 {[%mdl 8192]} (49... Re8 $15) 50. Rd8 {Precision: White = 53%, Black = 65%.} 1-0

[Event "Yingmei Cup CHN-chT 2017"]
[Site "Guangdong"]
[Date "2017.12.02"]
[Round "19"]
[White "Muzychuk, Mariya"]
[Black "Zhang, Lanlin"]
[Result "1-0"]
[WhiteElo "2544"]
[BlackElo "2175"]
[Annotator "TA"]
[PlyCount "87"]
[EventDate "2017.??.??"]
[EventCountry "CHN"]
[SourceTitle "playchess.com"]
[Source "ChessBase"]
[SourceQuality "1"]

{[%evp 21,87,64,82,72,76,71,231,229,246,235,263,260,252,263,258,251,259,261,247,262,236,231,215,219,218,213,245,252,236,186,235,224,224,229,226,186,186,177,184,185,173,165,177,158,152,143,133,96,96,96,96,96,133,133,133,111,133,96,133,133,133,133,386,385,376,350,1066,1046]} 1. d4 d5 2. c4 c6 3. Nf3 Nf6 4. e3 e6 5. Bd3 Nbd7 6. O-O Bd6 7. Nc3 O-O 8. e4 dxe4 9. Nxe4 Nxe4 10. Bxe4 Nf6 11. Bc2 h6 {LiveBook: 81 Games} 12. Ne5 {D46: Semi-Slav: 5 e3 Nbd7 6 Bd3, Black avoids the Meran} (12. Re1 c5 13. dxc5 Bxc5 14. Qxd8 Rxd8 15. Bf4 Bd7 16. Rad1 {½-½ (16) Gutenev,A (2418)-Vaseptsov,M (2344) Cheliabinsk 2016}) 12... c5 13. Bf4 Qb6 $146 {[#]} (13... cxd4 $16 14. Qxd4 Bc7) ({Predecessor:} 13... Qc7 14. Qd3 Rd8 15. dxc5 Bxc5 16. Qf3 Bd6 17. Rad1 Nd5 18. cxd5 Bxe5 19. d6 Qxc2 20. Bxe5 {1-0 (28) Yang,Y (1985)-Ye,Q (1847) Harbin 2016}) 14. b4 $1 $18 {[%mdl 512] White is clearly better.} Qxb4 {[#]} 15. Nd3 $1 {[%csl LRb4,LRd6][%cal Rd3b4]} Qb6 {Hoping for ...Bxf4.} 16. dxc5 Bxc5 {[#]} 17. Rb1 $1 {[%cal Rb1b6]} Qc6 18. Nxc5 Qxc5 19. Bd6 Qh5 20. Bxf8 {Black must now prevent Qd8.} Qxd1 21. Bxd1 Kxf8 22. Bf3 Rb8 23. c5 {Strongly threatening c6.} b6 24. cxb6 axb6 25. Rb4 e5 26. Re1 Be6 27. a4 Nd7 28. Bc6 Rc8 29. Bb5 Rc5 30. f4 f6 31. Rd1 Ke7 32. Bxd7 Bxd7 33. fxe5 Rxe5 34. Rxb6 Bxa4 {[%mdl 4096] Endgame KRR-KRB} 35. Rb7+ Kf8 36. Ra1 Be8 37. Raa7 Rg5 38. Kf2 h5 39. g3 Kg8 40. h4 Rg4 41. Rb8 Kf8 $2 {[%mdl 8192]} (41... Re4 $16 {is a better defense.} 42. Rbb7 Rg4) 42. Kf3 f5 43. Ra5 g6 $2 (43... Kf7 44. Rxf5+ Ke6) 44. Re5 {Precision: White = 83%, Black = 39%.} 1-0

[Event "Yingmei Cup CHN-chT 2017"]
[Site "Guangdong"]
[Date "2017.12.02"]
[Round "19"]
[White "Harika, Dronavalli"]
[Black "Xiao, Yiyi"]
[Result "1-0"]
[WhiteElo "2528"]
[BlackElo "2310"]
[Annotator "TA"]
[PlyCount "65"]
[EventDate "2017.??.??"]
[EventCountry "CHN"]
[SourceTitle "playchess.com"]
[Source "ChessBase"]
[SourceQuality "1"]

{[%evp 18,65,37,29,43,28,24,28,27,9,12,0,3,4,8,-14,-24,0,39,0,0,-2,-7,-15,15,15,16,14,16,15,25,15,19,22,122,116,159,159,308,295,306,174,291,301,383,376,1265,1235,1170,1153]} 1. c4 e6 2. Nc3 d5 3. d4 Be7 4. cxd5 exd5 5. Bf4 c6 6. e3 Bf5 7. g4 Bg6 8. h4 {D31: Damengambit (Halbslawisch)} h6 9. h5 Bh7 10. Bd3 {LiveBook: 11 Partien. Weiß steht etwas besser.} Nf6 (10... Bxd3 11. Qxd3 Nf6 12. f3 Bd6 13. Nge2 Bxf4 14. Nxf4 Qd6 15. O-O-O Nbd7 {1-0 (38) Vitiugov,N (2722)-Zhou,J (2668) Ningbo 2010}) 11. f3 Nbd7 $146 ({Vorgänger:} 11... Bd6 12. Nge2 Qe7 13. Kf2 Nbd7 14. Bxd6 Qxd6 15. Ng3 Nb6 {½-½ (31) Villegas,P (2315)-Stremavicius,T (2477) Kaunas 2016}) 12. Nge2 Nb6 13. b3 a5 14. Kf2 Bd6 15. Ng3 O-O 16. Qc2 Bxd3 17. Qxd3 Nh7 18. a4 Nc8 19. Rag1 Re8 20. Nce2 {[%cal Bc3e2,Be2g3,Bg3f5,Bf5d6][%mdl 32]} Be7 21. Nf5 $36 {[%mdl 2048] [#] zielt auf Lxh6! ab. Weiss hat gut koordiniertes Spiel.} Nd6 22. Neg3 Kh8 23. Rg2 Ra6 24. Be5 Nxf5 25. Nxf5 Bf6 (25... f6 $1 $11 26. Bf4 (26. Nxe7 Qxe7 27. Bg3 Qa3 $11) 26... Nf8) 26. Nd6 $16 Re7 27. Nxb7 Rxb7 (27... Qa8 $16 {kämpft weiter.}) 28. Qxa6 $18 Rxb3 29. Bxf6 (29. Qxc6 $142 {Droht Tc1 und aus.} Bxe5 30. dxe5) 29... Nxf6 (29... gxf6 {ist wohl besser.} 30. f4 c5 31. dxc5 Qe7) 30. Qxc6 Qe7 31. Re1 Nxh5 $2 {[#]} (31... Ng8) 32. Qc8+ Kh7 33. Qc2+ {Precision: Weiß = 55%, Schwarz = 43%.} 1-0

[Event "Yingmei Cup CHN-chT 2017"]
[Site "Guangdong"]
[Date "2017.12.02"]
[Round "19"]
[White "Lei, Tingjie"]
[Black "Hong, Xing"]
[Result "1-0"]
[WhiteElo "2528"]
[BlackElo "2023"]
[Annotator "TA"]
[PlyCount "93"]
[EventDate "2017.??.??"]
[EventCountry "CHN"]
[SourceTitle "playchess.com"]
[Source "ChessBase"]
[SourceQuality "1"]

{[%evp 28,93,24,27,37,29,59,60,91,89,85,86,92,89,130,131,136,125,155,157,156,122,297,131,125,130,125,125,118,120,127,120,125,113,121,115,297,156,155,159,162,150,262,271,267,252,245,0,282,284,297,254,299,307,446,451,439,439,525,522,556,0,1298,1260,1204,1219,29979,29980]} 1. c4 c5 2. Nf3 Nc6 3. d4 cxd4 4. Nxd4 Nf6 5. Nc3 g6 6. e4 d6 7. Be2 Nxd4 8. Qxd4 Bg7 9. Bg5 O-O 10. Qd2 Be6 11. Rc1 a6 12. O-O Qa5 13. b3 Rfc8 14. Bf3 {B36: Sicilian: Maroczy Bind: Gurgenidze System} (14. f4 Rc5 15. Qe3 Re8 16. a4 Rcc8 17. Nd5 Qc5 18. Qxc5 Rxc5 19. Nxf6+ exf6 20. Bh4 Bd7 21. Bf3 g5 22. Bf2 {½-½ (36) Kobalia,M (2632)-Zvjaginsev,V (2660) Moscow 2015}) 14... Rab8 15. a4 {LiveBook: 8 Games} Kf8 16. Rfe1 {White is slightly better.} Qb6 $146 ({Predecessor:} 16... Re8 17. Rb1 Ng4 18. Rec1 Ne5 19. Be2 f6 20. Be3 f5 21. exf5 Bxf5 {1-0 (47) Koscielski,J (2310)-Wiegel,I Recklinghausen 1999}) 17. Rb1 Nd7 18. Nd5 Bxd5 19. exd5 Ne5 20. Be2 Bf6 21. Be3 Qd8 22. a5 h5 23. h3 Nd7 24. b4 b5 $2 (24... b6 $16 {is a better defense.}) 25. axb6 (25. Rbc1 $18 {is more deadly.}) 25... Nxb6 $16 26. Qa2 Nd7 27. Rec1 ({But not} 27. Qxa6 $2 Ra8 $19) 27... Ra8 28. c5 {[%cal Bc4c5,Bc5c6][%mdl 32]} a5 {And now ...axb4 would win.} 29. c6 axb4 30. Qb3 $36 {[%mdl 2048] Keeping Black busy.} Nb6 31. Bf3 Ra5 $2 (31... Na4 $16) 32. Qd3 ({White should try} 32. Qxb4 $18 Nxd5 33. Bxd5 Rxd5 34. Qc4) 32... Na4 33. Rxb4 Nc5 34. Qd1 Qc7 (34... Rb8 $16 {might work better.} 35. Rxb8 Qxb8) 35. Rcb1 Rca8 36. Bh6+ Kg8 {[#]} 37. Be3 $2 ({White has to play} 37. Bxh5 $1 $18 {Black must now prevent Be3.} gxh5 38. Qxh5) 37... Kh7 $2 {[%mdl 8192] [#]} (37... Kf8 $1 $11 {and Black stays safe.}) 38. Bxh5 $1 $18 {[%mdl 512]} Ra3 (38... gxh5 39. Qxh5+) 39. Bf3 Na4 40. Rb7 Qa5 (40... Qc8 {was called for.} 41. Bg4 Nc3) 41. Bd2 Nc3 42. Qe1 Qa4 43. Rc1 Na2 44. Rcb1 $2 (44. Rxe7 $18 Bxe7 45. Qxe7) 44... Qc4 $2 {[%mdl 8192]} (44... Nc3 $11) 45. Rxe7 Bxe7 46. Qxe7 R3a7 47. Rb7 {Precision: White = 61%, Black = 25%.} 1-0

[Event "Yingmei Cup CHN-chT 2017"]
[Site "Guangdong"]
[Date "2017.12.02"]
[Round "19"]
[White "Tan, Zhongyi"]
[Black "Sun, Fanghui"]
[Result "1-0"]
[WhiteElo "2523"]
[BlackElo "2126"]
[Annotator "TA"]
[PlyCount "73"]
[EventDate "2017.??.??"]
[EventCountry "CHN"]
[SourceTitle "playchess.com"]
[Source "ChessBase"]
[SourceQuality "1"]

{[%evp 17,73,77,85,39,51,31,29,33,26,17,15,15,22,14,20,0,8,1,107,20,38,20,18,14,14,0,14,0,18,0,27,35,55,12,131,87,191,188,194,194,199,191,182,181,172,166,164,147,200,189,268,268,268,268,249,260,29983,29984]} 1. c4 e5 2. g3 Nf6 3. Bg2 d5 4. cxd5 Nxd5 5. Nf3 Nc6 6. O-O Be7 7. d4 {A20: English Opening: 1...e5} exd4 (7... e4 8. Ne5 f5 9. Nxc6 bxc6 10. Qc2 Qd7 11. Nc3 O-O 12. Nxd5 cxd5 13. Bf4 c6 14. Rfc1 Bb7 15. e3 a5 16. h4 Rfc8 {½-½ (35) Topalov,V (2749)-Karjakin,S (2781) Paris 2017}) 8. Nxd4 Ndb4 9. Nxc6 Nxc6 {LiveBook: 4 Games} 10. Bxc6+ (10. Nc3 {feels hotter.} O-O 11. Bf4 Be6 12. Qa4 Bc5 13. Bxc6 bxc6 14. Rfd1) 10... bxc6 11. Qxd8+ (11. Qa4 {is more complex.} O-O 12. Rd1 Bd6 13. Nc3 Rb8 14. Qxa7 Be6 15. Qa4) 11... Bxd8 12. Bd2 Rb8 $146 ({Predecessor:} 12... O-O 13. Rc1 Rb8 14. Bc3 Be7 {0-1 (51) Broca,A (2166)-Marchadour,E (2040) Chartres 2005}) 13. Bc3 O-O 14. Nd2 Be7 15. Rac1 Rd8 16. Nc4 Be6 17. Na5 Bd5 {[#]} (17... Rb6 $11 {remains equal.}) 18. b3 ({White should play} 18. e4 $1 $16 {[%cal Re4d5][%mdl 512]} Bxe4 19. Rfe1) 18... Ba3 19. Rcd1 Re8 20. Rfe1 f5 21. h4 Re6 22. e3 h6 23. Nc4 Bb4 24. Bxb4 Rxb4 25. Rd4 (25. Na3 {with more complications.} Rb6 26. Rd4 Ra6 27. Nb1 Rd6 28. Nc3) 25... Bxc4 {[#]} (25... a5 $1 $11 {keeps the balance.}) 26. Rc1 $1 $16 Rd6 (26... Re4 $16 {keeps fighting.} 27. Rcxc4 Rxc4 28. bxc4 Rxd4 29. exd4 Kf7) 27. Rdxc4 $18 {[%mdl 4096] Endgame KRR-KRR} Rb6 28. Ra4 a6 29. Rc5 Rb5 30. Rac4 Rd2 31. a4 ({Resist} 31. Rxc6 $6 Rxa2 32. Rf4 (32. Rxc7 Rxb3 33. R7c5 Rb5 $14) 32... Rxb3 $16) 31... Rxb3 32. Rxf5 Rb1+ (32... Rd5 $16 33. Rcf4 Rxf5 34. Rxf5 Rb4) 33. Kg2 Rb3 (33... Rd6 {was necessary.} 34. Rfc5 Rb6) 34. Rxc6 Rxe3 35. Rxc7 ({Don't play} 35. Rxa6 $6 Re8 $18) 35... Re6 36. h5 {Hoping for Rc8+.} Ra2 $2 {[#]} (36... g6 $18 37. hxg6 Rxg6) 37. Rc8+ $1 {Precision: White = 51%, Black = 29%.} 1-0

[Event "Yingmei Cup CHN-chT 2017"]
[Site "Guangdong"]
[Date "2017.12.02"]
[Round "19"]
[White "Liu, Qingnan"]
[Black "Li, Chao b"]
[Result "1/2-1/2"]
[WhiteElo "2512"]
[BlackElo "2739"]
[Annotator "TA"]
[PlyCount "65"]
[EventDate "2017.??.??"]
[EventCountry "CHN"]
[SourceTitle "playchess.com"]
[Source "ChessBase"]
[SourceQuality "1"]

{[%evp 11,65,4,35,35,35,35,35,34,29,39,47,41,19,23,31,17,16,17,42,38,40,28,40,21,14,10,18,15,14,18,27,-12,-10,-7,-6,-7,0,-10,-10,-12,-12,-14,-12,-9,0,-2,0,0,0,-11,0,0,0,-7,0,0]} 1. e4 c6 2. d4 d5 3. e5 c5 4. dxc5 e6 5. Be3 Nd7 6. Nf3 {B12: Caro-Kann: Advance Variation} (6. Bb5 Ne7 7. c3 Nf5 8. Bd4 a6 9. Ba4 Be7 10. Nf3 O-O 11. b4 a5 12. O-O axb4 13. Bxd7 Bxd7 14. cxb4 {0-1 (65) Pijpers,A (2463)-Khenkin,I (2605) Germany 2015}) 6... Ne7 {LiveBook: 4 Games} 7. c4 dxc4 8. Bxc4 $146 {White is slightly better.} ({Predecessor:} 8. Nc3 Nf5 9. Bg5 Qc7 10. Bxc4 Bxc5 11. Qe2 h6 12. Bd2 a6 13. O-O Nd4 14. Nxd4 Bxd4 15. Bxe6 fxe6 {1-0 (43) Munguntuul,B (2444)-Hoang,T (2283) Abu Dhabi 2016}) 8... Nf5 9. Bf4 Bxc5 10. O-O O-O 11. Nc3 Nb6 {[#] Hoping for ...Qxd1.} 12. Bd3 Bd7 13. Ne4 Be7 14. Nd6 Nxd6 15. exd6 Bf6 16. Ne5 Rc8 17. Rc1 Rxc1 18. Qxc1 Nd5 19. Bg3 Bxe5 20. Bxe5 Qh4 21. Qc4 (21. Re1 {seems wilder.} Rc8 22. Qb1 g6 23. Be4 Qg5 24. Bg3) 21... Qxc4 {The position is equal.} 22. Bxc4 Nb6 23. Bb3 Rc8 24. f4 a5 25. a4 Nxa4 26. Bxa4 Bxa4 $11 {[%mdl 4096] Endgame KRB-KRB} 27. Ra1 Bd7 {White should prevent ...f6.} 28. Rxa5 Rc1+ 29. Kf2 f6 30. Bd4 Rd1 31. Ke3 Kf7 32. Ra8 Bc6 33. Rc8 {Precision: White = 68%, Black = 68%.} 1/2-1/2

[Event "Yingmei Cup CHN-chT 2017"]
[Site "Guangdong"]
[Date "2017.12.02"]
[Round "19"]
[White "Fang, Yuxiang"]
[Black "Zhou, Weiqi"]
[Result "1/2-1/2"]
[WhiteElo "2503"]
[BlackElo "2614"]
[Annotator "TA"]
[PlyCount "60"]
[EventDate "2017.??.??"]
[EventCountry "CHN"]
[SourceTitle "playchess.com"]
[Source "ChessBase"]
[SourceQuality "1"]

{[%evp 17,60,0,7,-20,-18,-16,-9,-17,0,0,0,0,0,0,14,8,0,9,9,10,15,14,25,23,36,32,40,16,20,10,23,45,25,0,0,0,0,0,0,0,0,0,0,0,0]} 1. Nf3 Nf6 2. c4 e6 3. d4 c5 4. g3 cxd4 5. Nxd4 Qc7 6. Nd2 a6 7. Bg2 Nc6 8. Nxc6 {A32: Englische Eröffnung (Symmetrische Variante)} dxc6 9. O-O e5 {LiveBook: 9 Partien} 10. Ne4 $146 ({Vorgänger:} 10. Qc2 Be7 11. b3 O-O 12. Bb2 Re8 13. h3 Be6 14. Rad1 Rad8 15. Kh2 Nd7 {0-1 (61) Zeng,C (2552)-Zhou,J (2620) Wuxi 2016}) 10... Nxe4 11. Bxe4 Bh3 {Droht stark ...Td8.} 12. Bg2 Bxg2 (12... Be6 {keeps more tension.} 13. b3 Bc5 14. Bb2 Rd8 15. Qc2 f6) 13. Kxg2 Bc5 14. Rb1 a5 15. a3 O-O 16. b4 axb4 17. axb4 Be7 18. Qb3 b5 19. Be3 Qb7 20. Bc5 Rfd8 21. Bxe7 Qxe7 22. Rfd1 Rd4 23. cxb5 cxb5 24. Rxd4 exd4 $11 {[%mdl 4096] Endspiel KDT-KDT} 25. Rd1 Rd8 {Die Stellung ist ausgeglichen.} 26. Qd3 Qxb4 27. Rb1 Qc4 28. Rxb5 Qc6+ 29. Kg1 Qc1+ 30. Kg2 Qc6+ {Precision: Weiß = 73%, Schwarz = 60%.} 1/2-1/2

[Event "Yingmei Cup CHN-chT 2017"]
[Site "Guangdong"]
[Date "2017.12.02"]
[Round "19"]
[White "Zhao, Xue"]
[Black "Ushenina, Anna"]
[Result "1/2-1/2"]
[WhiteElo "2484"]
[BlackElo "2416"]
[Annotator "TA"]
[PlyCount "71"]
[EventDate "2017.??.??"]
[EventCountry "CHN"]
[SourceTitle "playchess.com"]
[Source "ChessBase"]
[SourceQuality "1"]

{[%evp 17,71,0,0,0,-10,-54,-7,-10,-19,-46,-39,-102,0,-123,36,-25,-18,-47,-54,-143,-148,-143,-68,-64,-50,-47,-49,-60,-36,-50,-14,-123,-116,-100,-113,-106,-70,-125,-118,-70,-68,-105,-7,0,0,-185,-199,-302,-17,-21,0,0,0,0,0,0]} 1. c4 e5 2. Nc3 Nf6 3. Nf3 Nc6 4. a3 d5 5. cxd5 Nxd5 6. Qc2 Nxc3 7. bxc3 {A28: English Opening: Four Knights Variation} Bd6 8. d4 Qe7 9. e3 O-O {LiveBook: 4 Games} 10. Bd3 (10. Be2 b6 11. O-O Bb7 12. Re1 Rfe8 13. Bb2 Na5 14. Bb5 c6 {1-0 (22) Kramnik,V (2808)-Karjakin,S (2781) Stavanger 2017}) 10... f5 $146 ({Predecessor:} 10... h6 11. O-O Bg4 12. Nd2 Rae8 13. Ne4 Bf5 {½-½ (32) Neuman,P (2463)-Kriebel,T (2265) Teplice 2010}) 11. h4 Kh8 {And now ...e4 would win.} 12. Be2 $1 Bd7 13. Bb2 Rae8 14. h5 (14. Nd2 $15) 14... Rf6 (14... e4 $17 15. Nh4 f4) 15. g3 (15. h6 $11 {remains equal.}) 15... b6 $2 (15... f4 $1 $17 {[%cal Rf4e3]} 16. dxe5 Nxe5 17. Nxe5 Bxe5 18. gxf4 Bxf4 $1 {[%mdl 512]}) 16. Kf1 (16. h6 $1 $14) 16... Rh6 17. Rh4 e4 18. Ne1 ({White should try} 18. Nd2 $15) 18... g5 $36 {[%mdl 2048] Black has strong initiative.} 19. Rh1 Nd8 (19... f4 $17 20. d5 f3) 20. c4 $15 Nf7 21. Ng2 Kg8 22. a4 c5 23. a5 cxd4 24. exd4 (24. Bxd4 $11 {was the only way to keep the balance.} Rb8 25. axb6 axb6 26. Ra7) 24... f4 $1 $17 {[%cal Rf4g3]} 25. axb6 axb6 {[#]} 26. c5 $1 {[%mdl 512]} bxc5 (26... Bb8 {looks sharper.} 27. gxf4 gxf4 28. Bc4 e3 29. Re1 Qg5) 27. dxc5 (27. gxf4 $15 cxd4 28. Bxd4) 27... Be5 28. gxf4 gxf4 {Strongly threatening ...f3.} 29. Bc4 Bxb2 ({Black should play} 29... Kf8 $1 $17 {aiming for ...Bxb2.} 30. Ra7 f3) 30. Qxb2 $11 {Black must now prevent Ra7.} Qxc5 {[#]} 31. Bxf7+ $2 (31. Ne3 $1 $11 {[%mdl 512]} Qe5 (31... fxe3 32. Rg1+) 32. Qxe5 Rxe5 33. Rg1+ Kf8 34. Ng4 Bxg4 35. Rxg4 Rhxh5 36. Ra8+ Re8 37. Rxe8+ Kxe8 38. Bxf7+ Kxf7 39. Rxf4+ Kg6 40. Rxe4) 31... Kxf7 $19 32. Nxf4 {[#]} (32. Qa2+ {keeps fighting.} Ke7 33. Qa7 Qb5+ 34. Kg1) 32... Rb6 $2 (32... Bb5+ $1 $19 33. Ke1 e3) 33. Qa2+ $11 {The position is equal.} Be6 34. Nxe6 Rexe6 35. Re1 Qb5+ 36. Qe2 {Precision: White = 40%, Black = 30%.} 1/2-1/2

[Event "Yingmei Cup CHN-chT 2017"]
[Site "Guangdong"]
[Date "2017.12.02"]
[Round "19"]
[White "Ma, Zhonghan"]
[Black "Andreikin, Dmitry"]
[Result "1/2-1/2"]
[WhiteElo "2473"]
[BlackElo "2705"]
[Annotator "TA"]
[PlyCount "106"]
[EventDate "2017.??.??"]
[EventCountry "CHN"]
[SourceTitle "playchess.com"]
[Source "ChessBase"]
[SourceQuality "1"]

{[%evp 19,106,0,0,0,0,0,0,0,0,-21,-16,-16,-20,-22,0,-22,0,-19,0,0,0,0,0,-7,-27,11,10,-20,-16,-9,-10,-38,-27,-43,-11,-18,-15,-32,-7,-17,0,-5,0,0,44,0,0,-3,-6,-13,-14,-29,-13,-35,-41,-119,-139,-149,-8,-8,-14,-10,0,0,0,-15,-11,-35,0,0,0,-31,-14,-14,0,-133,-156,-129,-122,-122,0,0,0,0,0,0,0,0,0]} 1. d4 Nf6 2. Nf3 e6 3. c4 a6 4. Nc3 d5 5. cxd5 exd5 6. Bg5 {D37: Queen's Gambit Declined: 5 Bf4} Be6 7. e3 Nbd7 8. Bd3 h6 (8... Bd6 9. O-O O-O 10. h3 h6 11. Bf4 Qe7 12. Re1 Rfe8 13. a3 c6 {½-½ (52) Ding,L (2774)-Carlsen,M (2837) Saint Louis 2017}) 9. Bh4 Bd6 10. Qc2 c6 {LiveBook: 7 Games} 11. O-O O-O 12. Rfe1 Re8 13. Bh7+ $146 ({Predecessor:} 13. a3 Qc7 {½-½ (78) Mamedjarova,T (2267)-Harika,D (2539) Sharjah 2017}) 13... Kh8 {White must now prevent ...g5.} 14. Bf5 Qc7 15. Bg3 Bxg3 16. hxg3 Qd6 17. a3 Kg8 18. b4 b5 19. Bxe6 Rxe6 20. Ne2 {[%cal Bc3e2,Be2f4,Bf4d3,Bd3c5,Bc5b3,Bb3d4][%mdl 32]} Nb6 21. Nf4 Ree8 22. Nd3 Nfd7 23. Nfe5 Nxe5 24. dxe5 Qc7 25. f4 a5 26. Nc5 Nc4 27. Qc3 Red8 28. Kh2 Qc8 29. Nb3 axb4 30. axb4 Qg4 31. Nd4 Qh5+ 32. Kg1 Qg6 33. Kf2 Ra4 34. Rxa4 bxa4 35. e4 {Threatens to win with f5.} a3 36. e6 $1 Re8 ({Of course not} 36... fxe6 $6 37. Nxc6 Re8 38. exd5 $14) 37. exf7+ (37. b5 $15) 37... Qxf7 38. e5 {[#]} Nxe5 (38... a2 $1 $17 39. Nxc6 Qc7) 39. Qxa3 $11 Ng4+ 40. Kf1 Nh2+ 41. Kf2 Ng4+ $40 {[%mdl 128] Black mounts an attack.} 42. Kf1 Rxe1+ 43. Kxe1 Qe8+ 44. Kd2 $1 Qe4 45. Nf3 Qc4 46. Qc3 $1 {[%cal Rc3c4] Hoping for Qxc4.} Qf1 47. Qd3 (47. Kc2 $11) 47... Qxg2+ $17 48. Qe2 Qxg3 49. Qe6+ {[#]} Kh8 ({Black should play} 49... Kf8 $1 $17 50. Qc8+ Ke7 51. Qc7+ Kf6 52. Qxc6+ Kf5 53. Qxd5+ Kxf4 54. Qf7+ Nf6) 50. Qc8+ $11 {The position is equal.} Kh7 51. Qf5+ Kg8 52. Qc8+ Kh7 53. Qf5+ Kg8 {Precision: White = 58%, Black = 53%.} 1/2-1/2